| 000 | 00785cam a2200253 i 4500 | ||
|---|---|---|---|
| 001 | 200465032 | ||
| 003 | TR-AnTOB | ||
| 005 | 20250814105257.0 | ||
| 007 | ta | ||
| 008 | 250812s1996 tu aho 000 0 tur d | ||
| 040 |
_aTR-AnTOB _beng _erda _cTR-AnTOB |
||
| 050 | 4 |
_aUB435.T9 _bİ88 1996 |
|
| 090 |
_aUB435.T9 _bİ88 1996 |
||
| 245 | 0 | 0 |
_aİstiklal madalyası : _btarihçesi ve tanımı. |
| 264 | 1 |
_aAnkara : _bİstiklal Madalyalı Varisleri Derneği, _c1996. |
|
| 300 |
_a119 pages : _billustrations, facsimiles, photographs ; _c24 cm |
||
| 336 |
_atext _btxt _2rdacontent |
||
| 337 |
_aunmediated _bn _2rdamedia |
||
| 338 |
_avolume _bnc _2rdacarrier |
||
| 504 | _aBIB | ||
| 650 | 7 |
_aAskeri madalyalar _zTürkiye _2etuturkob _9149729 |
|
| 942 |
_2lcc _cBK |
||
| 999 |
_c200465032 _d83244 |
||